000 00661nam a2200181Ia 4500
003 GCL
008 140319s9999 xx 000 0 ara d
040 _aGCL /
_cGCL
082 0 4 _a327.624062
_bب ق
100 1 _aبركات موسى الحواتى
245 1 0 _aقراءة جديدة فى العلاقات السودانية المصرية /
_cبركات موسى الحواتى
300 _a316 ص
490 _aالهيئة العامة للاستعلامات
_v0
650 0 4 _aالعلاقات الخارجية
650 0 4 _aالسودان - العلاقات الخارجية
650 0 4 _aمصر - العلاقات الخارجية
942 _2ddc
_cBK
999 _c51956
_d51956